000 00462cam a22001934a 4500
005 20250605164316.0
008 250528s ||||||||||||||||||||||||d
035 _a22694
020 _a9788189741396
040 _aGR-AtMCL
_bgre
_dGR-AtMCL
_eAACR2
245 1 _aEDUCATIONAL PSYCHOLOGY
250 _a1
260 _bSbs Publishers & Distributors,
_c2007
300 _a318
700 1 _aJohri P.K
_98421
942 _cBK
999 _c7742
_d7742